000 00535nam a2200229Ia 4500
003 OSt
005 20220923230801.0
006 a|||||r|||| 00| 0
007 ta
008 Pun
024 _a305,500
037 _cTextual
040 _aARTS
_cARTS
_bPun
041 _2Pun
_aPun
082 _aQ8441, 153K3
100 _aFੇਰ ਸਿੰਘ
_9161670
245 0 _aਆਤਮ ਦਰFਨ
260 _c1963
650 _aਧਰਮ
942 _hQ8441, 153K3
_cTEXL
_2CC
999 _c387292
_d387292